Uganda International Conference on good governance in Africa: empowering civil society in the fight against corruption. (Record no. 81461)
[ view plain ]
| 000 -LEADER | |
|---|---|
| fixed length control field | 01318nam a2200229 a 4500 |
| 008 - FIXED-LENGTH DATA ELEMENTS--GENERAL INFORMATION | |
| fixed length control field | 120416s1996 ||||||||||||||||| || u |
| 050 ## - LIBRARY OF CONGRESS CALL NUMBER | |
| Classification number | JF 1081 Uga |
| 100 ## - MAIN ENTRY--PERSONAL NAME | |
| Personal name | Langseth, Petter |
| 245 10 - TITLE STATEMENT | |
| Title | Uganda International Conference on good governance in Africa: empowering civil society in the fight against corruption. |
| Statement of responsibility, etc. | edited by Petter Langseth and Fiona Simpkins |
| 260 ## - PUBLICATION, DISTRIBUTION, ETC. | |
| Place of publication, distribution, etc. | Washington, D. C. |
| Name of publisher, distributor, etc. | World Bank |
| Date of publication, distribution, etc. | 1996 |
| 300 ## - PHYSICAL DESCRIPTION | |
| Extent | x, 236p. : ill. |
| 350 ## - | |
| -- | 0.00 |
| 500 ## - GENERAL NOTE | |
| General note | The Governance of Uganda in co-operation with Transparence International and the Economic Development Institute of the World Bank, 21-25 April 1996, Mwenye Lodge, Uganda. |
| 650 ## - SUBJECT ADDED ENTRY--TOPICAL TERM | |
| Topical term or geographic name entry element | GOVERNANCE |
| 650 ## - SUBJECT ADDED ENTRY--TOPICAL TERM | |
| Topical term or geographic name entry element | UGANDA--POLITICS AND GOVERNMENT |
| 650 ## - SUBJECT ADDED ENTRY--TOPICAL TERM | |
| Topical term or geographic name entry element | UGANDA--GOVERNANCE ISSUES |
| 700 ## - ADDED ENTRY--PERSONAL NAME | |
| Personal name | Simpkins, Fiona |
| 710 ## - ADDED ENTRY--CORPORATE NAME | |
| Corporate name or jurisdiction name as entry element | World Bank |
| 995 ## - | |
| -- | ANNEX COLLECTION (Main Library) |
| -- | 0.00 |
| -- | 734417 |
| -- | CBU-MAIN LIBRARY (Kitwe) |
| -- | 1 |
| -- | 15.95 |
| -- | JF 1081 Uga |
| -- | 1 |
| -- | AVAILABLE |
| -- | 46948 |
| -- | Annex Low-Usage Collection |
| 995 ## - | |
| -- | MAIN LIBRARY OPEN ACCESS |
| -- | 0.00 |
| -- | 730414 |
| -- | CBU-MAIN LIBRARY (Kitwe) |
| -- | 2 |
| -- | 15.95 |
| -- | JF 1081 Uga |
| -- | 2 |
| -- | AVAILABLE |
| -- | 023664 |
| -- | Main Library Open Access Collection |
| 995 ## - | |
| -- | MAIN LIBRARY OPEN ACCESS |
| -- | 0.00 |
| -- | 023663 |
| -- | CBU-MAIN LIBRARY (Kitwe) |
| -- | 1 |
| -- | 0.00 |
| -- | JF 1081 UGA |
| -- | 5 |
| -- | AVAILABLE |
| -- | Sep 8, 2008 |
| -- | 023663 |
| -- | Main Library Open Access Collection |
| 999 ## - | |
| -- | 81461 |
| -- | 81461 |
| Withdrawn status | Lost status | Source of classification or shelving scheme | Damaged status | Not for loan | Permanent Location | Current Location | Shelving location | Date acquired | Total Checkouts | Full call number | Barcode | Date last seen | Copy number | Price effective from | Koha item type |
|---|---|---|---|---|---|---|---|---|---|---|---|---|---|---|---|
| CBU-MAIN LIBRARY, KITWE. | CBU-MAIN LIBRARY, KITWE. | 08/18/2023 | JF 1081 Uga | 46948 | 08/18/2023 | 1 | 08/18/2023 | MONOGRAPH | |||||||
| CBU-MAIN LIBRARY, KITWE. | CBU-MAIN LIBRARY, KITWE. | 08/18/2023 | JF 1081 Uga | 023664 | 08/18/2023 | 2 | 08/18/2023 | MONOGRAPH | |||||||
| CBU-MAIN LIBRARY, KITWE. | CBU-MAIN LIBRARY, KITWE. | 08/18/2023 | JF 1081 Uga | 023663 | 08/18/2023 | 3 | 08/18/2023 | MONOGRAPH |